| 000 | 00000nam##2200000za#4500 |
| 001 | 9.618935 |
| 003 | CaOODSP |
| 005 | 20210615103135 |
| 007 | ta |
| 008 | 150406|2008||||xxc||||| f|0| 0 eng|d |
| 022 | |a0706-6457 |
| 040 | |aCaOODSP|beng |
| 043 | |an-cn--- |
| 086 | 1 |aFs97-6/2798E |
| 110 | 1 |aCanada. |bDepartment of Fisheries and Oceans. |
| 245 | 10|aEvaluation of the BlueView ProViewer 900 imaging sonar as a tool for counting adult sockeye salmon in the Adams River, British Columbia / |cby G.M.W. Cronkite, H.J. Enzenhofer, and J.A. Holmes |
| 260 | |aNanaimo - British Columbia : |bFisheries and Oceans Canada |c2008. |
| 300 | |aiv, 21p. : |bgraphs, maps, references, tables, photographs ; |c28 cm. |
| 490 | 1 |aCanadian technical report of fisheries and aquatic sciences|x0706-6457|v2798 |
| 500 | |a"Fisheries and Oceans Canada, Science Branch, Pacific Region, Pacific Biological Station, Nanaimo, British Columbia, V9T 6N7"--Cover. |
| 546 | |a(Résumé en français.) |
| 563 | |aSoftcover |
| 590 | |a08-30|b2008-07-25 |
| 690 | 07|aFish|2gcpds |
| 690 | 07|aTools|2gcpds |
| 720 | 1 |aHolmes, J. A. |
| 720 | 1 |aEnzenhofer, H. J. |
| 720 | 1 |aCronkite, G. M. W. |
| 776 | 0#|tEvaluation of the BlueView ProViewer 900 imaging sonar as a tool for counting adult sockeye salmon in the Adams River, British Columbia / |w(CaOODSP)9.574396 |
| 830 | #0|aCanadian technical report of fisheries and aquatic sciences,|x0706-6457|v2798|w(CaOODSP)9.514691 |